00796nam a2200241Ia 450000500170000000800410001702000180005810000280007624500370010425000180014130000500015949000240020953400180023365000490025165000490030065000360034926400350038533600270042033700330044733800280048004000350050808400110054320220317001527.0161108s2003 sp a g 000 j s  a97884963888191 aVoltz, Christiand1967-10aTodavía nada?cChristian Voltz a2a. edición a[32] páginasbilustraciones en colorc23 cm aLibros para soñar tToujours rien142LEMBaCuentos infantiles francesesySiglo XX142LEMBaLiteratura infantil francesaySiglo XX142LEMBaSemillas en la literatura a[Pontevedra]bKalandrakac2003 atextobtxt2rdacontent asin mediaciónbn2rdamedia avolumenbnc2rdacarrier aCO-BoRNBPbspaerdacCO-BoRNBP aC VOL3